Les clubs vainqueurs de la Ligue Des Champions - Statistiques

Statistiques générales
  • Ce quiz a été pris 338 fois
    98 depuis la dernière actualisation
  • Le résultat moyen est 19 sur 24
Statistiques - réponses
Clubs Nombre de titre % Correct
Paris Saint-Germain 1
100%
Barcelone 5
99%
Marseille 1
99%
Real Madrid 15
99%
Bayern 6
96%
Liverpool 6
95%
Milan AC 7
94%
Inter Milan 3
91%
Juventus 2
89%
Manchester United 3
89%
Borussia Dortmund 1
86%
Manchester City 1
83%
Ajax 4
80%
Chelsea 2
75%
FC Porto 2
72%
Nottingham Forest 2
69%
Benfica 2
68%
Etoile Rouge de Belgrade 1
62%
Aston Villa 1
60%
PSV Eindhoven 1
54%
Celtic 1
49%
Feyenoord 1
48%
Hambourg 1
47%
Steaua Bucarest 1
47%
Aucun quiz correspondant
Distribution des résultats
% des personnes avec chaque résultat
Percentile par nombre de réponses
Votre historique - résultats
Vous n’avez pas pris ce quiz depuis la dernière actualisation